Duchess of death : the unauthorized biography of ... Read More
Available copies
- 1 of 1 copy available at LARL/NWRL Consortium.
Current holds
0 current holds with 1 total copy.
Show Only Available Copies
| Location | Call Number / Copy Notes | Barcode | Shelving Location | Status | Due Date |
|---|---|---|---|---|---|
| Hallock Public Library | 921 CHR (Text) | 35500004635700 | Main | Available | - |
Record details
- ISBN: 9781597776202
- ISBN: 1597776203
- Physical Description: xxxiii, 284 p., [8] p. of plates : ports. ; 24 cm.
- Publisher: Beverly Hills, Calif. : Phoenix Books, c2009.
Content descriptions
| General Note: | "Drawing from over 5,000 unpublished letters, notes, and documents."-- t.p. |
| Bibliography, etc. Note: | Includes bibliographical references (p. 239-263) ... Read More |
| Formatted Contents Note: | Mystery at Newlands Corner -- Mrs. Miller has a ... Read More |
| Summary, etc.: | Utilizing over 5,000 previously unpublished ... Read More |
Search for related items by subject
| Subject: | Christie, Agatha, 1890-1976. Authors, English > 20th century > Biography. Detective and mystery stories > Authorship > Biography. |
| LDR | 01964cam a2200337Ia 4500 | ||
|---|---|---|---|
| 001 | 107303 | ||
| 003 | LARL_NWRL_CONSORTIUM | ||
| 005 | 20090721011000.0 | ||
| 008 | 080919s2009 caucf b 001 0beng d | ||
| 020 | . | ‡a9781597776202 | |
| 020 | . | ‡a1597776203 | |
| 035 | . | ‡a(OCoLC)255889922 | |
| 040 | . | ‡aBTCTA ‡cBTCTA ‡dYDXCP ‡dWIQ ‡dZJI ‡dSGB ‡dNSB ‡dEINCP ‡dBUR | |
| 082 | 0 | 4. | ‡a823/.912 ‡aB ‡222 |
| 100 | 1 | . | ‡aHack, Richard. ‡0(LARL_NWRL_CONSORTIUM)105925 |
| 245 | 1 | 0. | ‡aDuchess of death : ‡bthe unauthorized biography of Agatha Christie / ‡cRichard Hack. |
| 260 | . | ‡aBeverly Hills, Calif. : ‡bPhoenix Books, ‡cc2009. | |
| 300 | . | ‡axxxiii, 284 p., [8] p. of plates : ‡bports. ; ‡c24 cm. | |
| 500 | . | ‡a"Drawing from over 5,000 unpublished letters, notes, and documents."-- t.p. | |
| 504 | . | ‡aIncludes bibliographical references (p. 239-263) and index. | |
| 520 | . | ‡aUtilizing over 5,000 previously unpublished letters, notes, and documents, the author tells how Christie's life was "as full of romance, travel, wealth, and scandal as any mystery Christie ever crafted." -- from publisher description. | |
| 505 | 0 | . | ‡aMystery at Newlands Corner -- Mrs. Miller has a baby -- Coming of age -- Mrs. Archibald Christie -- The mystery writer -- My name is Neele -- Finding Agatha -- Mrs. Max Mallowan -- The tax man cometh -- The sausage factory -- One for the books -- The movie years -- The great entertainer. |
| 600 | 1 | 0. | ‡aChristie, Agatha, ‡d1890-1976. ‡0(LARL_NWRL_CONSORTIUM)2142 |
| 650 | 0. | ‡aAuthors, English ‡y20th century ‡vBiography. ‡0(LARL_NWRL_CONSORTIUM)163403 | |
| 650 | 0. | ‡aDetective and mystery stories ‡xAuthorship ‡vBiography. | |
| 901 | . | ‡a107303 ‡bOCLC ‡c107303 ‡tbiblio | |

Add to basket
Permalink
Disable Highlighting